[Event "Mittelrhein Verbandsliga Sued 1920"]
[Site "Mittelrhein"]
[Date "2020.02.16"]
[Round "6.4"]
[White "Weiler, Wolfgang"]
[Black "Volk, Christian"]
[Result "1/2-1/2"]
[WhiteElo "1952"]
[BlackElo "1817"]
[PlyCount "98"]
[EventDate "2019.09.29"]
[EventType "team-tourn"]
[EventRounds "9"]
[EventCountry "GER"]
[SourceTitle "EXT 2023"]
[Source "ChessBase"]
[SourceDate "2022.10.05"]
[SourceVersion "1"]
[SourceVersionDate "2022.10.05"]
[SourceQuality "1"]
[WhiteTeam "Lohmar"]
[BlackTeam "Erftstadt SV"]
[WhiteTeamCountry "GER"]
[BlackTeamCountry "GER"]

1. e4 d5 2. exd5 Nf6 3. d4 Nxd5 4. c4 Nf6 5. Nf3 Bf5 6. Bd3 Bxd3 7. Qxd3 e6 8. 0-0 Be7 9. Qb3 b6 10. Be3 0-0 11. Nc3 Nbd7 12. Rad1 c6 13. d5 cxd5 14. cxd5 exd5 15. Nxd5 Nxd5 16. Rxd5 Qc7 17. Rc1 Qb7 18. Qb5 Nf6 19. Rdd1 Rac8 20. a4 Rxc1 21. Rxc1 Rc8 22. Rd1 Rd8 23. Rc1 Rc8 24. Rc4 Rxc4 25. Qxc4 Qd7 26. g3 Ng4 27. Bd4 Bf6 28. h3 Bxd4 29. Qxd4 Qxd4 30. Nxd4 Ne5 31. f4 Nd3 32. b3 Nc5 33. Kf2 g6 34. Ke3 f5 35. Kf3 Kf7 36. g4 fxg4+ 37. hxg4 h6 38. Kg3 Kf6 39. Kh4 a5 40. Kg3 h5 41. Kh4 Ne6 42. Nxe6 Kxe6 43. f5+ Kf6 44. fxg6 hxg4 45. Kxg4 Kxg6 46. Kf4 Kf6 47. Ke4 Ke6 48. Kd4 Kd6 49. Kc4 Kc6 1/2-1/2

[Event "Mittelrhein Regionalliga 16/17"]
[Site "Nordrheinwestfalen"]
[Date "2016.10.23"]
[Round "3.6"]
[White "Weiler, Wolfgang"]
[Black "Klein, Manfred"]
[Result "0-1"]
[WhiteElo "1957"]
[BlackElo "2041"]
[PlyCount "78"]
[EventDate "2016.09.11"]
[EventType "team-tourn"]
[EventRounds "11"]
[EventCountry "GER"]
[SourceTitle "EXT 2022"]
[Source "ChessBase"]
[SourceDate "2021.10.06"]
[SourceVersion "1"]
[SourceVersionDate "2021.10.06"]
[SourceQuality "1"]
[WhiteTeam "Godesberg II"]
[BlackTeam "Siegburg"]
[WhiteTeamCountry "GER"]
[BlackTeamCountry "GER"]

1. Nf3 Nf6 2. c4 c5 3. g3 b6 4. Bg2 Bb7 5. Nc3 g6 6. 0-0 Bg7 7. b3 0-0 8. Bb2 d5 9. cxd5 Nxd5 10. d4 cxd4 11. Nxd4 Nxc3 12. Bxc3 Bxg2 13. Kxg2 Qd5+ 14. Kg1 Nc6 15. Nxc6 Qxc6 16. Bxg7 Kxg7 17. Rc1 Qe6 18. Qd4+ Kg8 19. Qc4 Rac8 20. Qxe6 fxe6 21. Rfd1 Kf7 22. Kg2 Rfd8 23. Kf3 Rxc1 24. Rxc1 Rd2 25. a4 Rb2 26. Rc3 e5 27. Re3 Kf6 28. h4 h5 29. Ke4 Ke6 30. Kd3 Rxb3+ 31. Kc4 Rxe3 32. fxe3 a6 33. e4 Kd6 34. Kb4 Kc6 35. e3 a5+ 36. Kc4 e6 37. Kc3 Kc5 38. Kb3 b5 39. axb5 Kxb5 0-1

[Event "Mittelrhein Regionalliga 16/17"]
[Site "Nordrheinwestfalen"]
[Date "2016.09.11"]
[Round "1.4"]
[White "Koegler, Christof"]
[Black "Weiler, Wolfgang"]
[Result "1-0"]
[WhiteElo "1973"]
[BlackElo "1957"]
[PlyCount "143"]
[EventDate "2016.09.11"]
[EventType "team-tourn"]
[EventRounds "11"]
[EventCountry "GER"]
[SourceTitle "EXT 2022"]
[Source "ChessBase"]
[SourceDate "2021.10.06"]
[SourceVersion "1"]
[SourceVersionDate "2021.10.06"]
[SourceQuality "1"]
[WhiteTeam "Godesberg III"]
[BlackTeam "Godesberg II"]
[WhiteTeamCountry "GER"]
[BlackTeamCountry "GER"]

1. d4 Nf6 2. Nf3 c5 3. e3 b6 4. Bd3 Bb7 5. Nbd2 e6 6. 0-0 d5 7. b3 Bd6 8. Bb2 0-0 9. Ne5 Nbd7 10. Rc1 Ne4 11. Bxe4 dxe4 12. Ndc4 Bxe5 13. dxe5 Ba6 14. Qg4 Bxc4 15. bxc4 Qc7 16. Qxe4 Rad8 17. Rcd1 Nb8 18. Rd3 Nc6 19. a3 Na5 20. Bc3 Qc6 21. Qxc6 Nxc6 22. Rfd1 Rb8 23. Kf1 Rfd8 24. Ke2 Kf8 25. Rb1 Ke7 26. f4 a6 27. Be1 g5 28. Bc3 gxf4 29. exf4 b5 30. cxb5 axb5 31. Kd1 Rg8 32. g3 h5 33. Ke2 h4 34. Kf3 hxg3 35. hxg3 Rh8 36. Rd6 Rhc8 37. Rb2 b4 38. axb4 cxb4 39. Be1 f6 40. Rxc6 Rxc6 41. Bxb4+ Kf7 42. exf6 Rcb6 43. c3 Kxf6 44. g4 Kg6 45. Re2 Rc8 46. g5 Rh8 47. Kg4 Rc6 48. Be7 Rh1 49. Bf6 Rg1+ 50. Kf3 Rf1+ 51. Ke4 Rd1 52. Bd4 Rb1 53. Rh2 Re1+ 54. Kf3 Rf1+ 55. Kg3 Kf5 56. Rh6 Ke4 57. Rf6 Kd5 58. g6 Rc8 59. g7 Rg8 60. Kg2 Rb1 61. Rf8 Rb8 62. Rf7 Ke4 63. Kg3 Ra8 64. Be5 Ra1 65. Kg4 Rh1 66. Kg5 Rg1+ 67. Kf6 Kd5 68. Rd7+ Kc6 69. Rc7+ Kb6 70. Re7 Kc5 71. Kxe6 Rg6+ 72. Kf7 1-0

[Event "Cologne Longerich op-A 13th"]
[Site "Cologne"]
[Date "2016.08.14"]
[Round "5"]
[White "Lindam, Ingo"]
[Black "Weiler, Wolfgang"]
[Result "1-0"]
[WhiteElo "2078"]
[BlackElo "2047"]
[PlyCount "47"]
[EventDate "2016.08.12"]
[EventType "swiss"]
[EventRounds "5"]
[EventCountry "GER"]
[SourceTitle "EXT 2022"]
[Source "ChessBase"]
[SourceDate "2021.10.06"]
[SourceVersion "1"]
[SourceVersionDate "2021.10.06"]
[SourceQuality "1"]

1. d4 Nf6 2. Bg5 c5 3. Nc3 cxd4 4. Qxd4 Nc6 5. Qh4 Qa5 6. 0-0-0 h6 7. Nf3 d6 8. e4 Be6 9. a3 Nh7 10. Bd2 g5 11. Qg3 Rc8 12. Nb5 Qd8 13. Bc3 Rg8 14. e5 d5 15. Bd3 f5 16. exf6 Nxf6 17. Bxf6 exf6 18. Rhe1 Kf7 19. Rxe6 Kxe6 20. Qg4+ Kf7 21. Qh5+ Ke6 22. Bf5+ Kxf5 23. Re1 Bc5 24. Nh4+ 1-0

[Event "Cologne Longerich op-A 13th"]
[Site "Cologne"]
[Date "2016.08.14"]
[Round "4"]
[White "Weiler, Wolfgang"]
[Black "Biessner, Eberhard"]
[Result "1-0"]
[WhiteElo "2047"]
[BlackElo "1843"]
[PlyCount "63"]
[EventDate "2016.08.12"]
[EventType "swiss"]
[EventRounds "5"]
[EventCountry "GER"]
[SourceTitle "EXT 2022"]
[Source "ChessBase"]
[SourceDate "2021.10.06"]
[SourceVersion "1"]
[SourceVersionDate "2021.10.06"]
[SourceQuality "1"]

1. e4 Nf6 2. e5 Nd5 3. Nc3 Nxc3 4. dxc3 d6 5. Bc4 e6 6. Nf3 Nc6 7. Qe2 Nxe5 8. Nxe5 dxe5 9. Qxe5 Qd6 10. Qe2 Bd7 11. Be3 Bc6 12. f4 Qe7 13. 0-0-0 a6 14. Rhe1 Rd8 15. Kb1 g6 16. Bd4 Rg8 17. g4 Bd5 18. f5 gxf5 19. gxf5 c5 20. fxe6 fxe6 21. Bxd5 Rxd5 22. Bf2 Rxd1+ 23. Rxd1 Rg6 24. Qh5 Kf7 25. Qxh7+ Rg7 26. Qe4 Kg8 27. Re1 Rf7 28. Bh4 Qd7 29. a3 Bd6 30. Rd1 Qc7 31. Qxe6 Bxh2 32. Qg6+ 1-0

[Event "Mittelrhein Regionalliga 15/16"]
[Site "Nordrheinwestfalen"]
[Date "2016.01.31"]
[Round "6.4"]
[White "Peters, Alex"]
[Black "Weiler, Wolfgang"]
[Result "1-0"]
[WhiteElo "2187"]
[BlackElo "1951"]
[PlyCount "105"]
[EventDate "2015.09.27"]
[EventType "team-tourn"]
[EventRounds "9"]
[EventCountry "GER"]
[SourceTitle "EXT 2022"]
[Source "ChessBase"]
[SourceDate "2021.10.06"]
[SourceVersion "1"]
[SourceVersionDate "2021.10.06"]
[SourceQuality "1"]
[WhiteTeam "Bruehl"]
[BlackTeam "Godesberg III"]
[WhiteTeamCountry "GER"]
[BlackTeamCountry "GER"]

1. b3 e5 2. e3 Nf6 3. Bb2 Nc6 4. c4 d5 5. cxd5 Nxd5 6. a3 Bd6 7. d3 0-0 8. Nf3 Re8 9. Be2 Be6 10. Nbd2 f6 11. Qc2 Qd7 12. 0-0 Qf7 13. b4 Nb6 14. d4 exd4 15. Nxd4 Nxd4 16. Bxd4 Nd5 17. Ne4 Qg6 18. Bd3 Qh6 19. Nxd6 cxd6 20. Bf5 Bf7 21. Rac1 Re7 22. Rfd1 Rc7 23. Qd3 Rxc1 24. Rxc1 Ne7 25. Rc7 Nxf5 26. Qxf5 Qg6 27. Qxg6 hxg6 28. Rxb7 Rc8 29. h3 Rc1+ 30. Kh2 a6 31. Rb8+ Kh7 32. Rb6 Bc4 33. Rxd6 Rc2 34. Kg3 Ra2 35. Rc6 Bb5 36. Rc3 g5 37. e4 Kg6 38. Kh2 Rd2 39. Be3 Rd3 40. Rxd3 Bxd3 41. f3 Kf7 42. a4 Ke6 43. Bd4 g6 44. g3 Bf1 45. Kg1 Bc4 46. Kf2 Bb3 47. b5 Bxa4 48. bxa6 Bc6 49. a7 f5 50. exf5+ gxf5 51. Ke3 Kf7 52. f4 Kg6 53. Be5 1-0

[Event "Mittelrhein Regionalliga 15/16"]
[Site "Nordrheinwestfalen"]
[Date "2015.12.13"]
[Round "4.4"]
[White "Dzierzenga, Stefan"]
[Black "Weiler, Wolfgang"]
[Result "1-0"]
[WhiteElo "2054"]
[BlackElo "1934"]
[PlyCount "101"]
[EventDate "2015.09.27"]
[EventType "team-tourn"]
[EventRounds "9"]
[EventCountry "GER"]
[SourceTitle "EXT 2022"]
[Source "ChessBase"]
[SourceDate "2021.10.06"]
[SourceVersion "1"]
[SourceVersionDate "2021.10.06"]
[SourceQuality "1"]
[WhiteTeam "Bonn Beuel"]
[BlackTeam "Godesberg III"]
[WhiteTeamCountry "GER"]
[BlackTeamCountry "GER"]

1. e4 d5 2. exd5 Nf6 3. Bb5+ Nbd7 4. Nf3 Nxd5 5. d4 c6 6. Be2 Qc7 7. 0-0 e6 8. Re1 Be7 9. c4 Nf4 10. Bf1 0-0 11. Nc3 Ng6 12. g3 Bf6 13. h4 Rd8 14. Qe2 Qa5 15. Ne4 Be7 16. a3 Nf6 17. Neg5 h6 18. Nh3 Bd6 19. Ne5 Bxe5 20. dxe5 Nd7 21. Bf4 c5 22. Qg4 Qc7 23. Rad1 Re8 24. h5 Nxf4 25. gxf4 b6 26. Re3 f5 27. Qg6 Bb7 28. Rg3 Nf8 29. Qxh6 Bf3 30. Rd6 Bg4 31. Qg5 Nh7 32. Qh4 Qe7 33. Qxe7 Rxe7 34. Bg2 Rc8 35. Bf3 Bxf3 36. Rxf3 Kf7 37. Ng5+ Nxg5 38. fxg5 Rh8 39. g6+ Kf8 40. Rh3 Re8 41. Kg2 Ke7 42. Rhd3 Rxh5 43. Rd7+ Kf8 44. Rxa7 Rg5+ 45. Rg3 Rh5 46. Rh3 Rxh3 47. Kxh3 Rd8 48. Rf7+ Kg8 49. Re7 Rd3+ 50. Kg2 Rb3 51. Re8# 1-0

[Event "Mittelrhein Regionalliga 1415"]
[Site "Mittelrhein"]
[Date "2014.09.28"]
[Round "1.8"]
[White "Schenk, Uwe"]
[Black "Weiler, Wolfgang"]
[Result "0-1"]
[WhiteElo "1978"]
[BlackElo "1963"]
[PlyCount "120"]
[EventDate "2014.09.28"]
[EventType "team-tourn"]
[EventRounds "9"]
[EventCountry "GER"]
[SourceTitle "EXT 2023"]
[Source "ChessBase"]
[SourceDate "2022.10.05"]
[SourceVersion "1"]
[SourceVersionDate "2022.10.05"]
[SourceQuality "1"]
[WhiteTeam "Godesberg II"]
[BlackTeam "Godesberg III"]
[WhiteTeamCountry "GER"]
[BlackTeamCountry "GER"]

1. Nf3 g6 2. c4 Bg7 3. d4 c5 4. e4 cxd4 5. Nxd4 Nc6 6. Be3 Nf6 7. Nc3 d6 8. Be2 0-0 9. 0-0 Bd7 10. Qd2 Nxd4 11. Bxd4 Bc6 12. f3 Nd7 13. Bxg7 Kxg7 14. Rac1 a5 15. Rfd1 Qb6+ 16. Qd4+ Qxd4+ 17. Rxd4 Rfc8 18. b3 Nc5 19. Nd5 e5 20. Rd2 Rd8 21. Rcd1 Ne6 22. Ne3 Nd4 23. Bf1 Kf8 24. Nc2 Nxc2 25. Rxc2 Ke7 26. c5 d5 27. exd5 Rxd5 28. Rxd5 Bxd5 29. Bc4 Ke6 30. a3 Bxc4 31. Rxc4 Kd5 32. Rc2 Ra6 33. b4 axb4 34. axb4 Ra1+ 35. Kf2 Rb1 36. Rd2+ Kc4 37. Rd7 Rxb4 38. Rxf7 Kxc5 39. Rxh7 Rb2+ 40. Ke3 b5 41. Rc7+ Kb6 42. Re7 Rxg2 43. Rxe5 b4 44. Re8 Rxh2 45. Re6+ Kc5 46. Rxg6 b3 47. Rg8 b2 48. Rc8+ Kb4 49. Rb8+ Kc3 50. Rc8+ Kb3 51. Rb8+ Kc2 52. Rc8+ Kd1 53. Rd8+ Kc1 54. Rc8+ Rc2 55. Rb8 b1Q 56. Rxb1+ Kxb1 57. f4 Rc4 58. f5 Kc2 59. Kf3 Kd3 60. Kg3 Ke3 0-1

[Event "Maastricht Limburg op-A 8th"]
[Site "Maastricht"]
[Date "2014.06.09"]
[Round "6"]
[White "Mollema, Thomas"]
[Black "Weiler, Wolfgang"]
[Result "1/2-1/2"]
[WhiteElo "2059"]
[BlackElo "2132"]
[PlyCount "91"]
[EventDate "2014.06.06"]
[EventType "swiss"]
[EventRounds "7"]
[EventCountry "NED"]
[SourceTitle "CBM 160 Extra"]
[Source "ChessBase"]
[SourceDate "2014.07.01"]
[SourceVersion "1"]
[SourceVersionDate "2014.07.01"]
[SourceQuality "1"]

1. e4 g6 2. d4 Bg7 3. Ne2 d5 4. exd5 Nf6 5. c4 c6 6. dxc6 Nxc6 7. Nbc3 0-0 8. Be3 Ng4 9. g3 Re8 10. Bg2 e5 11. d5 Nd4 12. 0-0 Nxe3 13. fxe3 Nf5 14. Qd3 Qb6 15. Nd1 Bh6 16. Kf2 Nd6 17. Nec3 f5 18. b3 Bd7 19. Bh3 Ne4+ 20. Kg1 Ng5 21. Bg2 f4 22. gxf4 Bf5 23. Qd2 exf4 24. Na4 Qf6 25. exf4 Ne4 26. Bxe4 Rxe4 27. Ndc3 Rd4 28. Qg2 Rd3 29. Rae1 Bh3 30. Ne4 Qd4+ 31. Qf2 Bxf1 32. Nac5 Bh3 33. Nxd3 Qxd3 34. Qh4 Bg7 35. Ng5 Qd4+ 36. Kh1 Bf5 37. Qxh7+ Kf8 38. Ne6+ Bxe6 39. dxe6 Re8 40. Qxg6 Re7 41. f5 Bf6 42. Qh6+ Rg7 43. Qh8+ Ke7 44. Qc8 Rg1+ 45. Rxg1 Qe4+ 46. Rg2 1/2-1/2

[Event "Maastricht Limburg op-A 8th"]
[Site "Maastricht"]
[Date "2014.06.07"]
[Round "2"]
[White "Dambacher, Martijn"]
[Black "Weiler, Wolfgang"]
[Result "1-0"]
[WhiteElo "2491"]
[BlackElo "2132"]
[PlyCount "53"]
[EventDate "2014.06.06"]
[EventType "swiss"]
[EventRounds "7"]
[EventCountry "NED"]
[SourceTitle "CBM 160 Extra"]
[Source "ChessBase"]
[SourceDate "2014.07.01"]
[SourceVersion "1"]
[SourceVersionDate "2014.07.01"]
[SourceQuality "1"]

1. d4 g6 2. c4 Bg7 3. e4 c5 4. d5 e5 5. Nc3 d6 6. h4 Nf6 7. g3 a6 8. Qd3 Nbd7 9. Be2 h5 10. Nf3 Ng4 11. Ng5 Ndf6 12. a3 b6 13. 0-0 Ra7 14. b4 0-0 15. f3 Nh6 16. Be3 Kh8 17. Rab1 Nh7 18. a4 a5 19. bxc5 bxc5 20. Qd2 Ng8 21. Rb8 Nxg5 22. hxg5 f6 23. Nb5 Raf7 24. Rxc8 Qxc8 25. Nxd6 Qh3 26. Nxf7+ Rxf7 27. Bd3 1-0

[Event "Bad Godesberg op 17th"]
[Site "Bad Godesberg"]
[Date "2013.08.08"]
[Round "6"]
[White "Weiler, Wolfgang"]
[Black "Boidman, Yuri"]
[Result "1-0"]
[WhiteElo "2149"]
[BlackElo "2403"]
[PlyCount "85"]
[EventDate "2013.08.03"]
[EventType "swiss"]
[EventRounds "9"]
[EventCountry "GER"]
[SourceTitle "CBM 155 Extra"]
[Source "ChessBase"]
[SourceDate "2013.08.26"]
[SourceVersion "1"]
[SourceVersionDate "2013.08.26"]
[SourceQuality "1"]

1. e4 c5 2. Nc3 a6 3. g3 b5 4. Bg2 Bb7 5. Nh3 b4 6. Na4 e5 7. d3 d5 8. 0-0 Nf6 9. Bg5 d4 10. f4 Qa5 11. fxe5 Qxa4 12. exf6 g6 13. e5 Bxg2 14. Kxg2 h6 15. Bd2 Qc6+ 16. Kg1 g5 17. Qh5 Qe6 18. Nxg5 hxg5 19. Qxh8 Nd7 20. Qh7 0-0-0 21. Qf5 Qc6 22. Bxg5 c4 23. Rfe1 Re8 24. Bf4 Re6 25. h4 Qb5 26. a4 bxa3 27. bxa3 Rxf6 28. Qe4 Rc6 29. Rab1 Qc5 30. Qf5 Qd5 31. a4 Bg7 32. Qe4 Qe6 33. Rb4 Nc5 34. Qxd4 cxd3 35. Reb1 Kc7 36. cxd3 Bf8 37. Rb8 Be7 38. Qb4 Kd7 39. d4 Qd5 40. Kh2 a5 41. Qe1 Nd3 42. e6+ Rxe6 43. R1b7+ 1-0

[Event "Verbandsliga Mittelrhein-Ost 1213"]
[Site "Germany"]
[Date "2012.11.11"]
[Round "4.1"]
[White "Haag, Martin"]
[Black "Weiler, Wolfgang"]
[Result "1-0"]
[WhiteElo "2268"]
[BlackElo "2049"]
[PlyCount "95"]
[EventDate "2012.09.09"]
[EventType "team"]
[EventRounds "11"]
[EventCountry "GER"]
[SourceTitle "EXT 2015"]
[Source "ChessBase"]
[SourceDate "2014.11.20"]
[SourceVersion "1"]
[SourceVersionDate "2014.11.20"]
[SourceQuality "1"]
[WhiteTeam "Bonn Beuel"]
[BlackTeam "Godesberg V"]
[WhiteTeamCountry "GER"]
[BlackTeamCountry "GER"]

1. c4 c5 2. g3 g6 3. Bg2 Bg7 4. Nc3 Nc6 5. Nf3 d6 6. 0-0 Nf6 7. a3 0-0 8. Rb1 a5 9. Ne1 Bd7 10. d3 Qc8 11. Bg5 Ra6 12. Qd2 Bh3 13. Bxf6 Bxf6 14. Nd5 Bg7 15. b4 axb4 16. axb4 Bxg2 17. Nxg2 cxb4 18. Nxb4 Ra4 19. Nd5 Qa8 20. Qe3 Ra2 21. Nxe7+ Nxe7 22. Qxe7 Re8 23. Qxd6 Rexe2 24. Rbe1 Rxe1 25. Nxe1 Bf8 26. Qd5 Ra5 27. Qe4 b5 28. Qxa8 Rxa8 29. cxb5 Rb8 30. Nf3 Rxb5 31. Rd1 Rd5 32. Kf1 Be7 33. Ke2 Bf6 34. d4 Kf8 35. Ke3 Ke7 36. Ra1 h6 37. Ra7+ Ke6 38. h3 Bg7 39. g4 Bf8 40. Rb7 Bd6 41. Nd2 f5 42. Nc4 fxg4 43. hxg4 h5 44. gxh5 gxh5 45. Rb6 h4 46. Rxd6+ Rxd6 47. Nxd6 Kxd6 48. f4 1-0

[Event "Verbandsliga Mittelrhein-Ost 1213"]
[Site "Germany"]
[Date "2012.09.30"]
[Round "2.1"]
[White "Dormann, Lars"]
[Black "Weiler, Wolfgang"]
[Result "0-1"]
[WhiteElo "2211"]
[BlackElo "2049"]
[PlyCount "98"]
[EventDate "2012.09.09"]
[EventType "team"]
[EventRounds "11"]
[EventCountry "GER"]
[SourceTitle "EXT 2015"]
[Source "ChessBase"]
[SourceDate "2014.11.20"]
[SourceVersion "1"]
[SourceVersionDate "2014.11.20"]
[SourceQuality "1"]
[WhiteTeam "Troisdorf"]
[BlackTeam "Godesberg V"]
[WhiteTeamCountry "GER"]
[BlackTeamCountry "GER"]

1. d4 g6 2. Nc3 Bg7 3. e4 c5 4. d5 d6 5. Nf3 Nf6 6. Bb5+ Bd7 7. a4 0-0 8. 0-0 Bxb5 9. axb5 a5 10. h3 Nbd7 11. Bf4 Nb6 12. Bh2 Ne8 13. Qd3 Nc7 14. Rfe1 Re8 15. Rad1 a4 16. e5 a3 17. b3 f6 18. exd6 exd6 19. Rxe8+ Nxe8 20. Na2 Nd7 21. Qe3 Ne5 22. Bxe5 dxe5 23. d6 Nxd6 24. Qxc5 Bf8 25. c4 Kg7 26. Qe3 Qe7 27. Nc3 Nf5 28. Qe4 Nd6 29. Qc2 Qc7 30. Nd5 Qc5 31. Qa2 Rd8 32. Ne3 Nf7 33. Rxd8 Nxd8 34. Nd5 e4 35. Nd2 Qd4 36. Nb1 Bd6 37. Nbc3 Ne6 38. b4 Bxb4 39. Nxb4 Qxc3 40. Nc2 Ng5 41. h4 Nf7 42. Nxa3 Qe1+ 43. Kh2 e3 44. fxe3 Qxh4+ 45. Kg1 Qe1+ 46. Kh2 Qxe3 47. Nc2 Qf2 48. Qb3 Ne5 49. c5 Qxc5 0-1

[Event "Bad Godesberg op 16th"]
[Site "Bad Godesberg"]
[Date "2012.07.10"]
[Round "4"]
[White "Weiler, Wolfgang"]
[Black "Ter Steeg, Marcus"]
[Result "1/2-1/2"]
[WhiteElo "2126"]
[BlackElo "1905"]
[PlyCount "46"]
[EventDate "2012.07.07"]
[EventType "swiss"]
[EventRounds "9"]
[EventCountry "GER"]
[SourceTitle "CBM 149 Extra"]
[Source "ChessBase"]
[SourceDate "2012.08.24"]
[SourceVersion "1"]
[SourceVersionDate "2012.08.24"]
[SourceQuality "1"]

1. e4 c6 2. Nc3 d5 3. Nf3 Bg4 4. h3 Bxf3 5. Qxf3 Nf6 6. d4 e6 7. Bg5 Be7 8. 0-0-0 Nxe4 9. Bxe7 Qxe7 10. Nxe4 dxe4 11. Qxe4 Qg5+ 12. Kb1 Qd5 13. Qh4 Nd7 14. c4 Qd6 15. Bd3 Nf6 16. Qg5 0-0-0 17. Be2 Rhg8 18. Bf3 Kb8 19. Rhe1 h6 20. Qc1 Rd7 21. a3 Rgd8 22. g3 Qc7 23. Qe3 Qb6 1/2-1/2

[Event "Rheinland Pfalz op 4th"]
[Site "Altenkirchen"]
[Date "2012.06.08"]
[Round "3"]
[White "Weiler, Wolfgang"]
[Black "Zens, Rolf"]
[Result "1-0"]
[WhiteElo "2120"]
[BlackElo "1845"]
[PlyCount "29"]
[EventDate "2012.06.07"]
[EventType "swiss"]
[EventRounds "7"]
[EventCountry "GER"]
[SourceTitle "CBM 148 Extra"]
[Source "ChessBase"]
[SourceDate "2012.06.22"]
[SourceVersion "1"]
[SourceVersionDate "2012.06.22"]
[SourceQuality "1"]

1. e4 c5 2. Nc3 d6 3. f4 e6 4. Nf3 Nc6 5. Bb5 Bd7 6. Bc4 a6 7. d3 b5 8. Bb3 Nge7 9. f5 b4 10. fxe6 fxe6 11. Ne2 Na5 12. 0-0 Nxb3 13. axb3 h6 14. Nf4 g5 15. Ne5 1-0

[Event "Rheinland Pfalz op 4th"]
[Site "Altenkirchen"]
[Date "2012.06.07"]
[Round "1"]
[White "Weiler, Wolfgang"]
[Black "Breuer, Yannick"]
[Result "1-0"]
[WhiteElo "2120"]
[BlackElo "1567"]
[PlyCount "67"]
[EventDate "2012.06.07"]
[EventType "swiss"]
[EventRounds "7"]
[EventCountry "GER"]
[SourceTitle "CBM 148 Extra"]
[Source "ChessBase"]
[SourceDate "2012.06.22"]
[SourceVersion "1"]
[SourceVersionDate "2012.06.22"]
[SourceQuality "1"]

1. e4 e5 2. Nf3 Nc6 3. Be2 Bc5 4. Nxe5 Bxf2+ 5. Kxf2 Nxe5 6. d4 Ng6 7. Rf1 d6 8. Nc3 Nf6 9. Kg1 h6 10. Be3 Qe7 11. Qd2 Bd7 12. Rae1 0-0-0 13. d5 Rde8 14. Qd4 b6 15. Qc4 Kb8 16. Bf3 Ne5 17. Qa6 Nxf3+ 18. gxf3 Bc8 19. Qc4 Qd7 20. a4 a5 21. b4 axb4 22. Qxb4 Ba6 23. Rf2 g5 24. Bd4 Qd8 25. a5 Nxd5 26. Nxd5 c5 27. Qb2 cxd4 28. Nxb6 Bb7 29. Rb1 Qc7 30. Qxd4 Rhg8 31. Nd5 Qxa5 32. Nf6 Qe5 33. Nd7+ Kc7 34. Nxe5 1-0

[Event "Verbandsliga Nord Baden 1112"]
[Site "Germany"]
[Date "2012.03.04"]
[Round "7.4"]
[White "Rechmann, Klaus"]
[Black "Weiler, Wolfgang"]
[Result "1-0"]
[WhiteElo "2247"]
[BlackElo "2119"]
[PlyCount "111"]
[EventDate "2011.10.09"]
[EventType "team-tourn"]
[EventRounds "9"]
[EventCountry "GER"]
[SourceTitle "EXT 2013"]
[Source "ChessBase"]
[SourceDate "2012.11.22"]
[SourceVersion "1"]
[SourceVersionDate "2012.11.22"]
[SourceQuality "1"]
[WhiteTeam "Hockenheim II"]
[BlackTeam "Slavija KA"]
[WhiteTeamCountry "GER"]
[BlackTeamCountry "GER"]

1. e4 e5 2. Nf3 Nf6 3. Nxe5 d6 4. Nf3 Nxe4 5. d4 d5 6. Bd3 Be7 7. 0-0 Nc6 8. Re1 Bg4 9. c3 f5 10. Nbd2 0-0 11. Qb3 Kh8 12. Qxb7 Rf6 13. Qb5 Rg6 14. Ne5 Nxe5 15. dxe5 Rb8 16. Qa5 Bc5 17. Nxe4 Bb6 18. Ng5 Rxg5 19. Bxg5 Qxg5 20. Qxd5 Rd8 21. Qc6 Qd2 22. e6 Bh5 23. e7 Bxf2+ 24. Kh1 Re8 25. Re2 Qxd3 26. Rxf2 Rxe7 27. Qa8+ Re8 28. Qxa7 g5 29. Qd4+ Qxd4 30. cxd4 Bg6 31. g3 Rd8 32. Rd1 c6 33. Kg1 Kg7 34. Rc2 Rd6 35. Rc5 Kf6 36. a4 Bh5 37. Rd2 Bf3 38. a5 Rd7 39. Kf2 Bd5 40. Ke3 Ke7 41. Rf2 Ke6 42. Kd3 Rb7 43. a6 Ra7 44. Ra5 h5 45. Kc3 Be4 46. Kc4 Kd6 47. Rfxf5 Rxa6 48. Rf6+ Ke7 49. Rxa6 Kxf6 50. Ra5 Bf3 51. Re5 h4 52. b4 h3 53. Kc5 g4 54. Kd6 Bg2 55. d5 cxd5 56. Rxd5 1-0